00857nam a2200241Ia 4500008004100000020001600041082003600057100003200093245007500125250001800200260000900218260002100227260000900248300001000257500004300267650001500310650005200325650004000377650002100417942001500438999001700453952014500470260312s9999 xx 000 0 und d aD.L. 109405 a 331.880983 M491c 1999 HNA a Medina A., Andrés935428 0aLas centrales sindicales chilenas del siglo XX o el mito de Aktaion. a1a. edición as.e. bChillán, Chile c1999 a144p. aColección Humberto Nogueira Alcalá aChile9121 aConfederación de Trabajadores de Chile935429 aFederación Obrera de Chile935430 aSindicatos91535 2ddccLIBRO c20236d20236 00102ddc40708CGaBCbBCd2025-08-30eDonación Humberto Nogueiral0o331.880983 M491c 1999 HNAp27453r2026-04-17t1w2026-04-17yLIBRO